Meždunarodnyje tovarnyje birži.
Prehľad najvýznamnejších centier medzinárodného burzového obchodu v USA, Anglicku a Japonsku. Univerzálne a úzko špecializované burzy. Druhy transakcií. Kúpa a predaj reálneho tovaru. Špekulatívne burzové hry. Kótovanie cien na burze (fixovanie a zverejnenie cien). Účastníci burzových operácií.
Guardado en:
| Autor principal: | |
|---|---|
| Formato: | Capítulo de libro |
| Lenguaje: | ruso |
| Materias: | |
| Etiquetas: |
Sin Etiquetas, Sea el primero en etiquetar este registro!
|
MARC
| LEADER | 00000naa a2200000 4500 | ||
|---|---|---|---|
| 001 | r005506 | ||
| 005 | 20221208123301.1 | ||
| 041 | 0 | |a rus | |
| 044 | |a [SU] | ||
| 245 | 1 | 0 | |a Meždunarodnyje tovarnyje birži. |c I. Gerčikova |
| 520 | |a Prehľad najvýznamnejších centier medzinárodného burzového obchodu v USA, Anglicku a Japonsku. Univerzálne a úzko špecializované burzy. Druhy transakcií. Kúpa a predaj reálneho tovaru. Špekulatívne burzové hry. Kótovanie cien na burze (fixovanie a zverejnenie cien). Účastníci burzových operácií. | ||
| 610 | 2 | 0 | |a burzy komoditné |
| 610 | 2 | 0 | |a USA |
| 610 | 2 | 0 | |a Veľká Británia |
| 610 | 2 | 0 | |a Japonsko |
| 610 | 2 | 0 | |a ceny burzové |
| 100 | 1 | |a Gerčikova, I. | |